01790 a2200217 45000010006000000050017000060080041000230030015000640400040000790800026001192450027001450200018001722640034001903000025002245051147002490410008013961000022014047000025014267000022014518560099014734488120260407155723.0260407a1988 arg spa dAR-UNSa-BCEJYS aAR-UNSa-BCEJYSbspacAR-UNSa-BCEJYS a330.43xEconometría10aEconometría básica a968-451-027-6 1aMéxico :bMcGraw-Hillc1988 axxii, 463 p.c23 cm. aParte I: Modelos de regresión uniecuacionales : 1. Naturaleza del análisis de regresión - 2. Modelos de regresión con dos variables: Algunas ideas básicas - 3. Modelos de regresión con dos variables: El problema de estimación - 4. Supuesto de normalidad: Modelo clásico de regresión lineal normal - 5. Regresión con dos variables: Estimación de intervalos y prueba de hipótesis – 6. Análisis de regresión múltiple: el problema de estimación – 7. Análisis de regresión múltiple: el problema de la Inferencia – 8. Enfoque matricial en el modelo de regresión lineal – Parte II: Violación de los supuestos del modelo clásico: 9. Multicolinealidad – 10. Heteroscedasticidad – 11. Autocorrelación – Parte III: Otros temas de econometría: 12. Modelos autoregresivos y de rezagos distribuidos – 13. Regresión de una variable dicótoma – 14. Regresión con una variable dependiente dicótoma – 15. Modelos uniecuacionales: otros temas – Parte IV: Modelos de ecuaciones simultáneas – 17. El problema de la identificación – 18. Métodos para ecuaciones simultáneas -  aspa1 aMesa, Juan Manuel1 aGujarati, Damodar N.1 aRamírez, Manuel41uhttps://www.biblioeco.unsa.edu.ar/pmb/images/libros/L127012.jpgyImagen de portadaqimage/jpeg